[Event "Amateur-Pokal C"]
[Site "?"]
[Date "2001.??.??"]
[Round "4"]
[White "Titz, Waldemar"]
[Black "Conrad, Egon"]
[Result "1-0"]
[WhiteElo "1556"]
[BlackElo "1649"]
[Annotator "ChessOrg"]
[PlyCount "91"]

1. e4 d5 2. exd5 Qxd5 3. Nc3 Qa5 4. d4 c6 5. Bd2 Nf6 6. h3 Bf5 7. Nf3 e6 8. Be2
Nbd7 9. O-O Be7 10. Ne4 Qb6 11. Nxf6+ Nxf6 12. b3 Ne4 13. Bd3 Nd6 14. Bf4 Bxd3
15. Qxd3 Nf5 16. c3 O-O 17. Rfe1 Rad8 18. Qc2 Rd5 19. Rad1 a5 20. Re5 Qa6 21.
Rde1 Bf6 22. Rxd5 cxd5 23. Ne5 Rc8 24. Qd2 a4 25. Rb1 axb3 26. axb3 Qa5 27. b4
Qa3 28. Rc1 h6 29. Nd7 Be7 30. Ne5 g5 31. g4 Nd6 32. Be3 Ne4 33. Qd3 Rxc3 34.
Rxc3 Qxc3 35. Qb5 Qc8 36. Kg2 Nd6 37. Qa4 b5 38. Qa7 Qb7 39. Qc5 Nc4 40. Qc6
Qxc6 41. Nxc6 Nxe3+ 42. fxe3 Bd6 43. Na7 Bxb4 44. Nxb5 Kf8 45. Na7 Ke7 46. Nc6+
1-0

[Event "Amateur-Pokal C"]
[Site "?"]
[Date "2001.??.??"]
[Round "4"]
[White "Kemmer, Josef"]
[Black "Schorn, Siegfried"]
[Result "1-0"]
[WhiteElo "1585"]
[BlackElo "1425"]
[Annotator "ChessOrg"]
[PlyCount "77"]

1. c4 Nf6 2. Nc3 d5 3. cxd5 Nxd5 4. Nf3 g6 5. g3 Bg7 6. Bg2 O-O 7. O-O Nc6 8.
Re1 e5 9. Nxd5 Qxd5 10. d3 Qd8 11. Rb1 Nd4 12. Ng5 Rb8 13. e3 Ne2+ 14. Qxe2
Qxg5 15. e4 Qd8 16. f4 Bh6 17. fxe5 Bxc1 18. Rbxc1 Qd4+ 19. Qe3 Qxb2 20. Rxc7
Qxe5 21. Rec1 Qa5 22. d4 Qb6 23. Qc3 Be6 24. Kh1 Rfc8 25. d5 Rxc7 26. Qxc7 Rc8
27. Qxb6 Rxc1+ 28. Qg1 Rxg1+ 29. Kxg1 Bd7 30. Kf2 Kg7 31. e5 b5 32. Ke3 b4 33.
Kd4 a5 34. Kc4 Kf8 35. Kc5 Ke7 36. Bf1 Ba4 37. Bc4 Bc2 38. d6+ Kd8 39. Bxf7 1-0

[Event "Amateur-Pokal C"]
[Site "?"]
[Date "2001.??.??"]
[Round "4"]
[White "Lang, Wolfgang"]
[Black "Schreiber, Winfried"]
[Result "0-1"]
[WhiteElo "1479"]
[BlackElo "1451"]
[Annotator "ChessOrg"]
[PlyCount "75"]

1. e4 c5 2. Nf3 Nc6 3. d4 e6 4. d5 exd5 5. exd5 Nce7 6. c4 d6 7. Nc3 a6 8. Bd3
Bf5 9. O-O Nf6 10. Re1 Qd7 11. h3 h6 12. Bf4 O-O-O 13. a3 g5 14. Bh2 g4 15.
Bxf5 Nxf5 16. hxg4 Nxg4 17. b4 Nxh2 18. Nxh2 Bg7 19. Rc1 Bd4 20. Na4 Kc7 21.
Nf3 Rhg8 22. Qb3 Rg6 23. Rb1 Rdg8 24. Nxd4 Rxg2+ 25. Kf1 Rg1+ 26. Ke2 Nxd4+ 27.
Kd3 Qf5+ 28. Kc3 Nxb3 29. Kxb3 Rxe1 30. Rxe1 Qxf2 31. Re7+ Kd8 32. Rxb7 Rg3+
33. Nc3 Qf3 34. Ka4 Qxc3 35. Ka5 Qxa3+ 36. Kb6 Qxb4+ 37. Kc6 Qxb7+ 38. Kxb7 0-1

[Event "Amateur-Pokal C"]
[Site "?"]
[Date "2001.??.??"]
[Round "4"]
[White "Pillath, Marcus"]
[Black "van Hove, Ode"]
[Result "1/2-1/2"]
[WhiteElo "1413"]
[BlackElo "1485"]
[Annotator "ChessOrg"]
[PlyCount "39"]

1. d4 Nf6 2. Nf3 d5 3. Bf4 Bf5 4. Nbd2 e6 5. e3 Nbd7 6. c3 Be7 7. Qb3 Nb6 8.
Be2 O-O 9. O-O Rb8 10. Rac1 Nfd7 11. Ne5 h6 12. Nxd7 Nxd7 13. h3 Bg5 14. Bg3
Bh4 15. Bxh4 Qxh4 16. Nf3 Qd8 17. c4 dxc4 18. Qxc4 c6 19. Bd3 Bxd3 20. Qxd3
1/2-1/2

[Event "Amateur-Pokal C"]
[Site "?"]
[Date "2001.??.??"]
[Round "4"]
[White "Bastian, Stefan"]
[Black "Mees, Andreas"]
[Result "0-1"]
[WhiteElo "1200"]
[BlackElo "1341"]
[Annotator "ChessOrg"]
[PlyCount "74"]

1. e4 c5 2. Nf3 d6 3. Bc4 Nf6 4. Ng5 e6 5. d3 Be7 6. h4 Nc6 7. Bb5 Bd7 8. Bxc6
Bxc6 9. h5 h6 10. Nf3 b5 11. a3 Qc7 12. Nc3 a6 13. Be3 Qb7 14. b4 Nd7 15. bxc5
dxc5 16. Bf4 Bf6 17. e5 Be7 18. Rh3 Rg8 19. Rg3 O-O-O 20. Rb1 Nb6 21. Kf1 Kb8
22. Qe2 Ka8 23. Qd2 Qc7 24. Qc1 Nd7 25. Ra1 Qa5 26. Bd2 Qb6 27. a4 b4 28. a5
Qc7 29. Ne4 Nxe5 30. Nxe5 Qxe5 31. Bf4 Qxh5 32. Rh3 Qd5 33. Qd2 f5 34. c4 Qd4
35. Qe3 Qxa1+ 36. Ke2 fxe4 37. dxe4 Qd1# 0-1

[Event "Amateur-Pokal C"]
[Site "?"]
[Date "2001.??.??"]
[Round "4"]
[White "Straesser, Gerda"]
[Black "Bruene, Gerhard"]
[Result "1/2-1/2"]
[WhiteElo "1536"]
[BlackElo "1317"]
[Annotator "ChessOrg"]
[PlyCount "94"]

1. e4 c5 2. Nf3 Nc6 3. d4 Nxd4 4. Nxd4 cxd4 5. Qxd4 e6 6. Be3 Ne7 7. Be2 Nc6 8.
Qd2 Be7 9. O-O O-O 10. a3 a6 11. Rd1 b5 12. f3 Qc7 13. Kh1 Rd8 14. Bf4 e5 15.
Be3 d6 16. Nc3 Be6 17. Rac1 Rf8 18. Nd5 Bxd5 19. Qxd5 Kh8 20. c4 b4 21. axb4
Nxb4 22. Qd2 a5 23. b3 f5 24. exf5 Rxf5 25. Bd3 Rff8 26. Be4 Rad8 27. Qf2 Rb8
28. Bd2 Na6 29. Qe1 Nb4 30. Qg3 Qd7 31. Rb1 Bf6 32. Bxb4 Rxb4 33. c5 Rd4 34.
Rxd4 exd4 35. Qxd6 Qxd6 36. cxd6 Rd8 37. Rc1 Rxd6 38. Rc8+ Bd8 39. Bd3 Kg8 40.
Kg1 g6 41. Kf1 Kf7 42. Bc4+ Kf6 43. Ke2 h5 44. Kd3 g5 45. Ke4 h4 46. Rc5 Kg6
47. Bd3 Kh6 1/2-1/2

[Event "Amateur-Pokal C"]
[Site "?"]
[Date "2001.??.??"]
[Round "4"]
[White "Weinz, Andre"]
[Black "Strozondalla, Andreas"]
[Result "0-1"]
[WhiteElo "1199"]
[BlackElo "1200"]
[Annotator "ChessOrg"]
[PlyCount "116"]

1. e4 c5 2. Nc3 Nc6 3. Bb5 Nf6 4. Bxc6 dxc6 5. Nf3 e6 6. e5 Nd5 7. O-O Be7 8.
d3 Nxc3 9. bxc3 O-O 10. Be3 b5 11. a4 b4 12. cxb4 cxb4 13. Nd4 Bb7 14. Qf3 Qc7
15. Qg3 g6 16. Rab1 a6 17. Bd2 c5 18. Ne2 Qc6 19. d4 Rad8 20. c3 Qxa4 21. dxc5
Rxd2 22. Ra1 Qc6 23. Nd4 Qd5 24. c6 Bxc6 25. Nxc6 Qxc6 26. cxb4 Bxb4 27. Qf4 a5
28. Rab1 Rfd8 29. h4 Qd5 30. Qg5 Bc3 31. Rbc1 Bxe5 32. Rfe1 Bg7 33. Qxd5 R2xd5
34. f4 a4 35. Rc4 Ra8 36. Re2 a3 37. Ra2 Bb2 38. Rc2 Rd1+ 39. Kf2 Ra1 40. Rxa1
Bxa1 41. Ra2 Bb2 42. g4 Rd8 43. Ke3 h5 44. gxh5 gxh5 45. Ke2 Kg7 46. Kf3 Kg6
47. Ke4 f6 48. Ke3 Kf5 49. Kf3 Rd7 50. Ke3 Kg4 51. Ke4 f5+ 52. Ke3 Kxh4 53. Kf3
Kh3 54. Kf2 Kg4 55. Ke3 Kg3 56. Ke2 h4 57. Kf1 h3 58. Kg1 Rd1# 0-1

[Event "Amateur-Pokal C"]
[Site "?"]
[Date "2001.??.??"]
[Round "5"]
[White "Schwabe, Manfred"]
[Black "Kemmer, Josef"]
[Result "1/2-1/2"]
[WhiteElo "1683"]
[BlackElo "1585"]
[Annotator "ChessOrg"]
[PlyCount "98"]

1. d4 d5 2. Nf3 Nf6 3. e3 e6 4. c4 c5 5. Nc3 Nbd7 6. cxd5 Nxd5 7. Nxd5 exd5 8.
dxc5 Nxc5 9. Bb5+ Bd7 10. Bxd7+ Qxd7 11. O-O Be7 12. b4 Bf6 13. Rb1 Na4 14. Qd3
a6 15. Bd2 Nb2 16. Qb3 Nc4 17. Bc3 Bxc3 18. Qxc3 O-O 19. Rfd1 Rac8 20. Qd3 Nb6
21. h3 Rfe8 22. Nd2 Na4 23. Rb3 Qe6 24. Nb1 Red8 25. Nc3 Nxc3 26. Rxc3 Rxc3 27.
Qxc3 Qc6 28. Qd4 f5 29. f3 Qc2 30. Rd2 Qc1+ 31. Kh2 Qc7+ 32. g3 b5 33. e4 f4
34. g4 Qc1 35. Kg2 Qe1 36. Qf2 Qxf2+ 37. Kxf2 d4 38. Ke2 g5 39. Kd3 Kf7 40. Rc2
Ke6 41. Rc5 h6 42. Rc6+ Ke5 43. Rxa6 Rc8 44. Ra5 Rc3+ 45. Ke2 Re3+ 46. Kf2 d3
47. Rxb5+ Kd4 48. Rd5+ Kc3 49. b5 d2 1/2-1/2

[Event "Amateur-Pokal C"]
[Site "?"]
[Date "2001.??.??"]
[Round "5"]
[White "Scheurer, Arthur"]
[Black "Titz, Waldemar"]
[Result "1/2-1/2"]
[WhiteElo "1569"]
[BlackElo "1556"]
[Annotator "ChessOrg"]
[PlyCount "46"]

1. e4 d6 2. d4 Nf6 3. Bd3 g6 4. c4 Bg7 5. Nc3 O-O 6. Nf3 Bg4 7. Be2 c6 8. O-O
Bxf3 9. Bxf3 Nbd7 10. Be3 e5 11. d5 Qc7 12. Rc1 a6 13. b4 c5 14. b5 a5 15. b6
Qb8 16. Na4 Ne8 17. Be2 Qd8 18. Rb1 f5 19. f3 fxe4 20. fxe4 Rxf1+ 21. Bxf1 Qh4
22. Bd3 Nef6 23. Bf2 Qg4 1/2-1/2

[Event "Amateur-Pokal C"]
[Site "?"]
[Date "2001.??.??"]
[Round "5"]
[White "Schreiber, Winfried"]
[Black "Conrad, Egon"]
[Result "1/2-1/2"]
[WhiteElo "1451"]
[BlackElo "1649"]
[Annotator "ChessOrg"]
[PlyCount "85"]

1. c4 Nf6 2. Nf3 e6 3. Nc3 d5 4. cxd5 exd5 5. d4 Nbd7 6. g3 c6 7. Bg2 Bd6 8.
O-O O-O 9. Re1 Re8 10. Qc2 Nf8 11. Bg5 h6 12. Bxf6 Qxf6 13. e4 dxe4 14. Nxe4
Qg6 15. Nf6+ Qxf6 16. Rxe8 Bf5 17. Qe2 Rxe8 18. Qxe8 Bg4 19. Ne5 Be6 20. Qa8 c5
21. Qxb7 cxd4 22. Nd3 Bc4 23. Bf1 Qf5 24. Qc6 Bd5 25. Qxd6 Qf3 26. Qxd5 Qxd5
27. b3 Ne6 28. Rc1 Qa5 29. Rc2 Ng5 30. Be2 Qd5 31. Nf4 Qb7 32. Rd2 Qb4 33. Rc2
Qb7 34. Rd2 Qd7 35. Rd3 Ne4 36. Bf3 Nc5 37. Rd2 g5 38. Nd5 Kg7 39. Rxd4 f5 40.
Rc4 Ne6 41. h3 Kg6 42. Bh5+ Kg7 43. Bf3 1/2-1/2

[Event "Amateur-Pokal C"]
[Site "?"]
[Date "2001.??.??"]
[Round "5"]
[White "van Hove, Ode"]
[Black "Mees, Andreas"]
[Result "1-0"]
[WhiteElo "1485"]
[BlackElo "1341"]
[Annotator "ChessOrg"]
[PlyCount "83"]

1. e4 c5 2. d4 cxd4 3. c3 g6 4. cxd4 d6 5. Nf3 Nf6 6. Nc3 Bg7 7. h3 O-O 8. Bc4
Nc6 9. O-O Bd7 10. Bb3 Rc8 11. Re1 Qc7 12. Bf4 Rcd8 13. Rc1 Bc8 14. Qd2 Rfe8
15. Ng5 e6 16. Bh2 Rf8 17. Nf3 a6 18. a3 Qd7 19. Ba4 Qe7 20. Na2 Na7 21. Qb4
Ne8 22. e5 b5 23. Bb3 Bb7 24. Re3 Nc6 25. exd6 Nxd6 26. Qc5 Bh6 27. Rce1 Bxe3
28. Rxe3 Rd7 29. Ne5 Nxe5 30. dxe5 Rc8 31. exd6 Qf6 32. Qe5 Qd8 33. Nc3 Rc6 34.
Rd3 Qf8 35. Bf4 Rd8 36. Ne4 Bc8 37. Bg5 Rdxd6 38. Nxd6 Rc7 39. Nxc8 Rxc8 40.
Qf4 h5 41. Bh6 Qe8 42. Qf6 1-0

[Event "Amateur-Pokal C"]
[Site "?"]
[Date "2001.??.??"]
[Round "5"]
[White "Schorn, Siegfried"]
[Black "Pillath, Marcus"]
[Result "1-0"]
[WhiteElo "1425"]
[BlackElo "1413"]
[Annotator "ChessOrg"]
[PlyCount "63"]

1. e4 c6 2. d4 d5 3. Nc3 dxe4 4. Nxe4 Bf5 5. Ng3 Bg6 6. Nf3 Nd7 7. h4 h6 8. h5
Bh7 9. Bd3 Bxd3 10. Qxd3 Ngf6 11. Bd2 e6 12. O-O-O Bd6 13. Ne4 Nxe4 14. Qxe4
Nf6 15. Qe2 O-O 16. Bc3 Nd5 17. Bd2 Bf4 18. g3 Bxd2+ 19. Qxd2 Qf6 20. Ne5 Qe7
21. f4 Rac8 22. Kb1 Qb4 23. c3 Qe7 24. g4 c5 25. g5 hxg5 26. fxg5 cxd4 27. Qxd4
Qxg5 28. Rdg1 Qf5+ 29. Ka1 Qf4 30. h6 g6 31. h7+ Kh8 32. Nxg6# 1-0

[Event "Amateur-Pokal C"]
[Site "?"]
[Date "2001.??.??"]
[Round "5"]
[White "Strozondalla, Andreas"]
[Black "Bruene, Gerhard"]
[Result "0-1"]
[WhiteElo "1200"]
[BlackElo "1317"]
[Annotator "ChessOrg"]
[PlyCount "66"]

1. e4 c5 2. Nf3 Nc6 3. Bb5 a6 4. Bc4 e6 5. e5 Qc7 6. O-O d5 7. exd6 Bxd6 8. a3
Nf6 9. h3 b5 10. Ba2 Bb7 11. c4 b4 12. d3 a5 13. a4 O-O-O 14. Bg5 h6 15. Be3 g5
16. Nbd2 Rdg8 17. g4 Ne5 18. d4 cxd4 19. Bxd4 Nxf3+ 20. Nxf3 Be7 21. Be5 Qc6
22. Kg2 h5 23. Re1 hxg4 24. hxg4 Rh4 25. Bxf6 Bxf6 26. Re3 Qc7 27. Kf1 Rh1+ 28.
Ng1 Qh2 29. Ke2 Qf4 30. Rg3 Rh2 31. Nf3 Qxg3 32. Nxh2 Qxh2 33. Qg1 Qe5+ 0-1

[Event "Amateur-Pokal C"]
[Site "?"]
[Date "2001.??.??"]
[Round "5"]
[White "Lang, Wolfgang"]
[Black "Straesser, Gerda"]
[Result "1-0"]
[WhiteElo "1479"]
[BlackElo "1536"]
[Annotator "ChessOrg"]
[PlyCount "99"]

1. e4 e6 2. d4 d5 3. exd5 exd5 4. Nf3 Bd6 5. Bd3 Nf6 6. O-O O-O 7. Re1 Bg4 8.
Bg5 h6 9. Bh4 Nbd7 10. Nbd2 c6 11. c3 Qc7 12. Qc2 Rfe8 13. Bf5 b6 14. h3 Bxf5
15. Qxf5 Rxe1+ 16. Rxe1 Re8 17. Nf1 Rxe1 18. Nxe1 Nh7 19. Bg3 Bxg3 20. Nxg3
Ndf6 21. Nf3 Nf8 22. Ne5 Ne6 23. f3 c5 24. dxc5 Qxc5+ 25. Kh2 Qc7 26. Ng4 Nxg4+
27. hxg4 Qe7 28. Qe5 Qd8 29. Nf5 Qc7 30. Qxc7 Nxc7 31. Ne3 Kf8 32. Kg3 Ke7 33.
Nf5+ Kf6 34. Kf2 h5 35. Ne3 hxg4 36. Nxg4+ Kf5 37. Ke3 Ne6 38. g3 f6 39. Kd3
Ng5 40. Ne3+ Ke6 41. f4 Ne4 42. g4 g6 43. Kd4 Nf2 44. f5+ gxf5 45. gxf5+ Kd6
46. Nxd5 Nd3 47. b4 Nc1 48. Nxf6 Ne2+ 49. Kd3 Ng3 50. Ne4+ 1-0

[Event "Amateur-Pokal C"]
[Site "?"]
[Date "2001.??.??"]
[Round "5"]
[White "Bastian, Stefan"]
[Black "Weinz, Andre"]
[Result "0-1"]
[WhiteElo "1200"]
[BlackElo "1199"]
[Annotator "ChessOrg"]
[PlyCount "50"]

1. c4 f6 2. Nc3 Nc6 3. e4 e5 4. d3 Bb4 5. a3 Bxc3+ 6. bxc3 d6 7. Be2 Nge7 8. d4
exd4 9. cxd4 O-O 10. d5 Ne5 11. Nf3 f5 12. exf5 Nxf5 13. O-O Qe7 14. Bg5 Nxf3+
15. Bxf3 Qxg5 16. Be4 Nh4 17. g3 Ng6 18. h4 Nxh4 19. Qc2 Bf5 20. Rfe1 Rae8 21.
Bxf5 Nxf5 22. Qc3 Nh4 23. Rxe8 Rxe8 24. Re1 Rxe1+ 25. Qxe1 Nf3+ 0-1

[Event "Amateur-Pokal C"]
[Site "?"]
[Date "2001.??.??"]
[Round "6"]
[White "Schwabe, Manfred"]
[Black "van Hove, Ode"]
[Result "1-0"]
[WhiteElo "1683"]
[BlackElo "1485"]
[Annotator "ChessOrg"]
[PlyCount "51"]

1. Nf3 Nf6 2. c4 e6 3. d4 d5 4. e3 Bd6 5. Nc3 c6 6. Bd3 O-O 7. O-O Nbd7 8. a3
Re8 9. h3 e5 10. dxe5 Nxe5 11. cxd5 cxd5 12. Bc2 Bc7 13. Nb5 Bb6 14. Nbd4 Bc7
15. b4 b6 16. Nxe5 Bxe5 17. Nc6 Qd6 18. Nxe5 Qxe5 19. Rb1 Rd8 20. Bb2 Qg5 21.
Qf3 Bb7 22. Bxf6 Qxf6 23. Qxf6 gxf6 24. Rfd1 Rac8 25. Rbc1 Rc3 26. Bxh7+ 1-0

[Event "Amateur-Pokal C"]
[Site "?"]
[Date "2001.??.??"]
[Round "6"]
[White "Kemmer, Josef"]
[Black "Scheurer, Arthur"]
[Result "1-0"]
[WhiteElo "1585"]
[BlackElo "1569"]
[Annotator "ChessOrg"]
[PlyCount "107"]

1. c4 Nf6 2. Nc3 g6 3. g3 Bg7 4. Bg2 c6 5. e4 d6 6. Nge2 O-O 7. O-O e5 8. d3
Na6 9. h3 Nc7 10. f4 Qe7 11. Kh2 Nd7 12. f5 h6 13. g4 g5 14. Ng3 Nf6 15. Re1
Rd8 16. Qe2 Bd7 17. Bd2 Be8 18. Rf1 Rd7 19. Be1 Rad8 20. Rd1 d5 21. cxd5 cxd5
22. exd5 Ncxd5 23. Nxd5 Nxd5 24. Bxd5 Rxd5 25. f6 Bxf6 26. Nf5 Qc7 27. Nxh6+
Kg7 28. Bg3 Bc6 29. Nf5+ Kg8 30. Nh6+ Kg7 31. Nf5+ Kg8 32. Ne3 R5d6 33. Nc4 Re6
34. Rf5 Rde8 35. Rdf1 Qe7 36. Qe3 e4 37. d4 b5 38. Na5 Ba8 39. Rxf6 Rxf6 40.
Qxg5+ Rg6 41. Qh5 Kg7 42. Be5+ f6 43. Rxf6 Qxf6 44. Bxf6+ Kxf6 45. Qxb5 Kf7 46.
Nc4 Ke7 47. Ne3 Rc6 48. Kg3 Rb6 49. Qc5+ Kd7 50. b3 Bc6 51. h4 Re6 52. d5 Rd6
53. dxc6+ Rbxc6 54. Qf5+ 1-0

[Event "Amateur-Pokal C"]
[Site "?"]
[Date "2001.??.??"]
[Round "6"]
[White "Titz, Waldemar"]
[Black "Schreiber, Winfried"]
[Result "1/2-1/2"]
[WhiteElo "1556"]
[BlackElo "1451"]
[Annotator "ChessOrg"]
[PlyCount "41"]

1. e4 c5 2. Nf3 d6 3. d4 cxd4 4. Nxd4 Nf6 5. Nc3 a6 6. Be2 b5 7. a3 Bb7 8. Bd3
e5 9. Nb3 Nbd7 10. O-O Nc5 11. Bg5 Be7 12. Bxf6 Bxf6 13. Kh1 O-O 14. Qe2 Ne6
15. Rad1 Nf4 16. Qf3 Rc8 17. Ne2 Ne6 18. c3 Qb6 19. Ng3 Ng5 20. Qe2 Rc7 21. Nd2
1/2-1/2

[Event "Amateur-Pokal C"]
[Site "?"]
[Date "2001.??.??"]
[Round "6"]
[White "Conrad, Egon"]
[Black "Schorn, Siegfried"]
[Result "0-1"]
[WhiteElo "1649"]
[BlackElo "1425"]
[Annotator "ChessOrg"]
[PlyCount "86"]

1. d4 d5 2. Nf3 c6 3. e3 Nf6 4. Bd3 Nbd7 5. Nbd2 e6 6. O-O Bd6 7. Re1 O-O 8. c3
Qc7 9. e4 dxe4 10. Nxe4 Nxe4 11. Bxe4 Nf6 12. Bc2 h6 13. Ne5 Rd8 14. Qf3 c5 15.
Ng4 Nxg4 16. Qxg4 e5 17. Qe4 f5 18. Qd5+ Kh8 19. dxe5 Bf8 20. Qf3 g6 21. Qg3
Qg7 22. h4 Be6 23. Bf4 Be7 24. Bb3 Bxb3 25. axb3 g5 26. hxg5 hxg5 27. Bc1 Qh7
28. Bxg5 Rg8 29. f4 Qh5 30. Qd3 Bxg5 31. fxg5 Qxg5 32. Qh3+ Kg7 33. Rad1 Rad8
34. Qf3 Rxd1 35. Rxd1 Kh8 36. Qh3+ Kg7 37. Qd3 Kh8 38. Qf3 Re8 39. Qh3+ Kg7 40.
Re1 Re6 41. Re3 Kf8 42. Rg3 Qc1+ 43. Kh2 Rh6 0-1

[Event "Amateur-Pokal C"]
[Site "?"]
[Date "2001.??.??"]
[Round "6"]
[White "Bruene, Gerhard"]
[Black "Lang, Wolfgang"]
[Result "0-1"]
[WhiteElo "1317"]
[BlackElo "1479"]
[Annotator "ChessOrg"]
[PlyCount "118"]

1. d4 Nf6 2. Nf3 g6 3. c4 Bg7 4. Nc3 O-O 5. e4 d6 6. Be2 Nbd7 7. O-O c5 8. d5
Ne8 9. a3 Ne5 10. Rb1 f5 11. exf5 Bxf5 12. Ra1 Nf6 13. Nxe5 dxe5 14. Re1 e4 15.
Bg5 h6 16. Bxf6 Bxf6 17. Bg4 a6 18. Rc1 Bd4 19. Kh1 Bxf2 20. Rf1 e3 21. Qe2 Qd7
22. Bf3 Qd6 23. Nd1 Bh4 24. Nxe3 Bg5 25. Nxf5 Rxf5 26. Rcd1 Raf8 27. g3 h5 28.
Kg2 Bh6 29. Qe6+ Kh7 30. Rde1 Bg5 31. Qxd6 exd6 32. Re6 R5f6 33. Rxf6 Bxf6 34.
Re1 Rf7 35. b3 Be5 36. h3 b5 37. Re4 Rb7 38. Bd1 bxc4 39. Rxc4 Bd4 40. g4 hxg4
41. hxg4 Re7 42. Ra4 Re1 43. Bf3 Rg1+ 44. Kh2 Rf1 45. Kg2 Rf2+ 46. Kg3 Kg7 47.
Rxa6 Rb2 48. Bd1 Rd2 49. Kf3 Rxd1 50. Rxd6 Rd3+ 51. Ke4 Rxb3 52. Ra6 Rb7 53.
Kd3 Rd7 54. Ke4 Re7+ 55. Re6 Ra7 56. d6 Ra4 57. d7 Bf6+ 58. Kd5 Rd4+ 59. Kc6 c4
0-1

[Event "Amateur-Pokal C"]
[Site "?"]
[Date "2001.??.??"]
[Round "6"]
[White "Mees, Andreas"]
[Black "Strozondalla, Andreas"]
[Result "0-1"]
[WhiteElo "1341"]
[BlackElo "1200"]
[Annotator "ChessOrg"]
[PlyCount "64"]

1. e4 c5 2. f4 Nc6 3. Nf3 Qc7 4. d3 e5 5. f5 Nf6 6. Be2 Be7 7. Nc3 Nd4 8. Ng5
h6 9. Nh3 a6 10. a3 b5 11. Bf3 Bb7 12. O-O Nxf3+ 13. Qxf3 O-O 14. Qg3 Kh8 15.
Ne2 d5 16. Ng5 hxg5 17. Bxg5 Nh7 18. Bh4 Bxh4 19. Qxh4 f6 20. Rf3 Rg8 21. Raf1
Qf7 22. Rg3 g5 23. fxg6 Rxg6 24. Rh3 Rag8 25. Kh1 dxe4 26. dxe4 Rg4 27. Qxf6+
Qxf6 28. Rxf6 Rxg2 29. Rf7 Bxe4 30. Rhxh7+ Bxh7 31. Ng3 Rxc2 32. Ne4 Rc1+ 0-1

[Event "Amateur-Pokal C"]
[Site "?"]
[Date "2001.??.??"]
[Round "6"]
[White "Pillath, Marcus"]
[Black "Bastian, Stefan"]
[Result "1-0"]
[WhiteElo "1413"]
[BlackElo "1200"]
[Annotator "ChessOrg"]
[PlyCount "102"]

1. d4 d5 2. Nf3 Nc6 3. Bf4 e6 4. e3 Bd6 5. Bxd6 Qxd6 6. c3 b6 7. Nbd2 Nf6 8.
Bd3 h6 9. h3 a5 10. O-O Ba6 11. Bxa6 Rxa6 12. Qa4 O-O 13. Qb5 Raa8 14. c4 Ne7
15. cxd5 exd5 16. Ne5 Rab8 17. Rac1 Rbc8 18. Nc6 Nxc6 19. Qxc6 Qb4 20. Qc3 Qd6
21. Qc6 Rfd8 22. a4 Qb4 23. Qc2 c5 24. dxc5 Rxc5 25. Qd3 Rxc1 26. Rxc1 Qxa4 27.
Qb3 Qxb3 28. Nxb3 a4 29. Nd4 Nd7 30. Rc7 Nc5 31. Nc6 Rd7 32. Ne7+ Kf8 33. Rxd7
Nxd7 34. Nxd5 f6 35. Kf1 Kf7 36. Ke2 Ke6 37. Nc3 Nc5 38. f3 Kd6 39. Kd2 Kc6 40.
Kc2 b5 41. Na2 Ne6 42. Kc3 Kc5 43. Nb4 Nc7 44. Nd3+ Kc6 45. e4 Na6 46. Nb4+ Kb6
47. Nxa6 Kxa6 48. Kb4 h5 49. h4 Kb6 50. f4 Kc6 51. e5 Kb6 1-0

[Event "Amateur-Pokal C"]
[Site "?"]
[Date "2001.??.??"]
[Round "6"]
[White "Straesser, Gerda"]
[Black "Weinz, Andre"]
[Result "1-0"]
[WhiteElo "1536"]
[BlackElo "1199"]
[Annotator "ChessOrg"]
[PlyCount "75"]

1. e4 e6 2. d4 Nc6 3. Nf3 Nf6 4. Nbd2 Bb4 5. c3 Bd6 6. e5 Bxe5 7. dxe5 Nd5 8.
Ne4 O-O 9. Bc4 Nb6 10. Bb3 d5 11. exd6 cxd6 12. Nxd6 Qd7 13. O-O Rd8 14. Nxc8
Raxc8 15. Qxd7 Rxd7 16. Be3 Nd5 17. Rfd1 Rcd8 18. Bxd5 Rxd5 19. Rxd5 Rxd5 20.
Kf1 f6 21. Ke2 Kf7 22. Rd1 Rxd1 23. Kxd1 e5 24. h3 e4 25. Nd4 Nxd4 26. Bxd4 b6
27. Ke2 Ke6 28. Ke3 Kd5 29. f3 exf3 30. Kxf3 h5 31. Kf4 Ke6 32. h4 g6 33. g4
hxg4 34. Kxg4 Kd5 35. Bxf6 Ke6 36. Bd4 Kf7 37. Kg5 a5 38. Bxb6 1-0

[Event "Amateur-Pokal C"]
[Site "?"]
[Date "2001.??.??"]
[Round "7"]
[White "Lang, Wolfgang"]
[Black "Schwabe, Manfred"]
[Result "0-1"]
[WhiteElo "1479"]
[BlackElo "1683"]
[Annotator "ChessOrg"]
[PlyCount "54"]

1. d4 Nf6 2. c4 g6 3. Nc3 d5 4. e3 Bg7 5. Nf3 O-O 6. b3 b6 7. g3 Bb7 8. Bg2
dxc4 9. bxc4 e6 10. O-O c6 11. Bb2 Qc8 12. Qb3 Nbd7 13. a4 Qc7 14. Rfb1 Rab8
15. Nd2 Rfc8 16. h4 a6 17. Re1 Ba8 18. Rad1 b5 19. axb5 axb5 20. cxb5 Nd5 21.
Nxd5 cxd5 22. Rc1 Qb7 23. Rxc8+ Rxc8 24. Bf1 Nb6 25. Rb1 Nc4 26. Nxc4 dxc4 27.
Bxc4 Qh1# 0-1

[Event "Amateur-Pokal C"]
[Site "?"]
[Date "2001.??.??"]
[Round "7"]
[White "van Hove, Ode"]
[Black "Kemmer, Josef"]
[Result "1/2-1/2"]
[WhiteElo "1485"]
[BlackElo "1585"]
[Annotator "ChessOrg"]
[PlyCount "58"]

1. e4 c5 2. d4 cxd4 3. c3 d3 4. c4 e6 5. Nc3 a6 6. Bxd3 Nc6 7. Nf3 Be7 8. O-O
d6 9. Bc2 Nf6 10. Qe2 Qc7 11. Rd1 O-O 12. h3 Nd7 13. Bf4 Nde5 14. b3 Nxf3+ 15.
Qxf3 Ne5 16. Qe3 b6 17. Kh1 Rd8 18. Rac1 Bb7 19. Rd2 Rd7 20. Rcd1 Bc6 21. Bg3
f6 22. Rf1 b5 23. cxb5 axb5 24. Bb1 Ra3 25. Rc2 b4 26. Ne2 Qb7 27. f3 Bb5 28.
Rfc1 Kf7 29. Bxe5 dxe5 1/2-1/2

[Event "Amateur-Pokal C"]
[Site "?"]
[Date "2001.??.??"]
[Round "7"]
[White "Schorn, Siegfried"]
[Black "Titz, Waldemar"]
[Result "1/2-1/2"]
[WhiteElo "1425"]
[BlackElo "1556"]
[Annotator "ChessOrg"]
[PlyCount "34"]

1. e4 d6 2. d4 Nf6 3. Nc3 g6 4. Nf3 Bg7 5. Be2 O-O 6. O-O Bg4 7. h3 Bxf3 8.
Bxf3 c6 9. Re1 e5 10. Be3 Nbd7 11. Qd2 Qc7 12. Rad1 Rad8 13. Qc1 a6 14. Ne2
exd4 15. Bxd4 Ne5 16. Bxe5 dxe5 17. Nc3 Rxd1 1/2-1/2

[Event "Amateur-Pokal C"]
[Site "?"]
[Date "2001.??.??"]
[Round "7"]
[White "Schreiber, Winfried"]
[Black "Scheurer, Arthur"]
[Result "0-1"]
[WhiteElo "1451"]
[BlackElo "1569"]
[Annotator "ChessOrg"]
[PlyCount "92"]

1. c4 Nf6 2. Nf3 g6 3. Nc3 Bg7 4. g3 O-O 5. Bg2 d6 6. O-O e5 7. d4 Nc6 8. d5
Ne7 9. b3 Nd7 10. Bb2 h6 11. Nd2 f5 12. e3 a6 13. a4 Rf7 14. Ne2 Kh7 15. f4 Qf8
16. e4 fxe4 17. Nxe4 Nf5 18. Qd2 Qe7 19. Rae1 Nf6 20. Nxf6+ Bxf6 21. Nc1 Ng7
22. Nd3 Bf5 23. fxe5 dxe5 24. Bxe5 Bxe5 25. Nxe5 Rff8 26. Nxg6 Qc5+ 27. Qe3
Qxe3+ 28. Rxe3 Bxg6 29. Re7 Rxf1+ 30. Kxf1 Rf8+ 31. Ke1 Rf7 32. Rxf7 Bxf7 33.
Be4+ Bg6 34. Bxg6+ Kxg6 35. Kd2 Kf6 36. a5 Ke5 37. Kd3 Ne8 38. b4 Nf6 39. h3
Nh5 40. b5 Nxg3 41. Kc3 Ne4+ 42. Kb4 Kd6 43. h4 h5 44. c5+ Nxc5 45. bxa6 bxa6
46. Kc4 Nb7 0-1

[Event "Amateur-Pokal C"]
[Site "?"]
[Date "2001.??.??"]
[Round "7"]
[White "Straesser, Gerda"]
[Black "Pillath, Marcus"]
[Result "1/2-1/2"]
[WhiteElo "1536"]
[BlackElo "1413"]
[Annotator "ChessOrg"]
[PlyCount "38"]

1. e4 c6 2. d4 d5 3. Nd2 dxe4 4. Nxe4 Bf5 5. Ng3 Bg6 6. Nf3 Nd7 7. Be2 Ngf6 8.
O-O e6 9. Bg5 h6 10. Bh4 Be7 11. Re1 O-O 12. Bxf6 Bxf6 13. c3 Qb6 14. Qd2 Rad8
15. Bd3 Bxd3 16. Qxd3 Rfe8 17. Qc2 e5 18. dxe5 Nxe5 19. Nxe5 Bxe5 1/2-1/2

[Event "Amateur-Pokal C"]
[Site "?"]
[Date "2001.??.??"]
[Round "7"]
[White "Strozondalla, Andreas"]
[Black "Conrad, Egon"]
[Result "0-1"]
[WhiteElo "1200"]
[BlackElo "1649"]
[Annotator "ChessOrg"]
[PlyCount "106"]

1. e4 d5 2. exd5 Qxd5 3. Nc3 Qa5 4. Nf3 Nf6 5. Be2 Bf5 6. O-O e6 7. d3 c5 8.
Bd2 Qc7 9. Nb5 Qb6 10. Nc3 Bd6 11. Bg5 Nbd7 12. Rb1 a6 13. h3 h6 14. Be3 Qc7
15. d4 O-O 16. Nh4 Bh7 17. Bd3 Bxd3 18. Qxd3 c4 19. Qd2 Rfd8 20. d5 exd5 21.
Nxd5 Nxd5 22. Qxd5 Nf6 23. Qf3 Be5 24. Rfe1 Rd7 25. Nf5 Rad8 26. c3 Rd3 27.
Rbd1 Qd7 28. Nd4 Rxd1 29. Rxd1 b5 30. Qe2 Bb8 31. Qf3 Qd5 32. Qe2 Ne4 33. Kf1
Nc5 34. Nc6 Qxd1+ 35. Qxd1 Rxd1+ 36. Ke2 Rb1 37. Nxb8 Rxb2+ 38. Kf3 Na4 39. Bd4
Rxa2 40. Nxa6 Nxc3 41. Nb4 Ra3 42. Nc2 Rb3 43. Ke3 Nd5+ 44. Ke4 Nb4 45. Nxb4
Rxb4 46. g4 Rb1 47. Kd5 g6 48. h4 h5 49. gxh5 gxh5 50. f4 Kh7 51. Kd6 Kg6 52.
Kc5 Kf5 53. Be3 c3 0-1